| 000 | 00985cad a22002055a 4500 | ||
|---|---|---|---|
| 001 | E146945 | ||
| 008 | 090316e20090316xxk s000 0 eng d | ||
| 035 | _a(Sirsi) u146945 | ||
| 041 | 0 | _aeng | |
| 110 | 2 |
_aScotland _bScottish Government _95344 |
|
| 245 | 0 | 0 |
_aHelp for struggling home owners _h[electronic resource] |
| 260 | _c2009 | ||
| 490 |
_aScottish Government News Release _v16 March 2009 |
||
| 520 | _aThe Scottish Government has announced the introduction of two initiatives to help home owners struggling with mortgage repayments: a Mortgage to Rent Scheme, and a Mortgage to Shared Equity Scheme. The Schemes will be funded over the next two years by the £35m Home Owners' Support Fund. | ||
| 590 | _aKA | ||
| 651 | 4 |
_aScotland _y1999- |
|
| 690 | _aPROPERTY-RESIDENTIAL PROPERTY-DOMESTIC RESIDENTIAL PROPERTY-HOUSING | ||
| 856 | 4 | 0 |
_uhttps://www.scotland.gov.uk/News/Releases/2009/03/16103352 _zView the news release free of charge at www.scotland.gov.uk... |
| 942 | _n0 | ||
| 999 |
_c81331 _d81331 |
||